Unique Countries by First and Last Letter - Statistics

General Stats
  • This quiz has been taken 596 times
    503 since last reset
  • The average score is 4 of 7
Answer Stats
Hint Countries % Correct
First Letter Yemen
93%
First Letter Oman
91%
First Letter Qatar
90%
Last Letter Iraq
50%
Last Letter Denmark
37%
Last Letter Luxembourg
34%
Last Letter Bangladesh
31%
No matching quizzes found
Score Distribution
Percent of People with Each Score
Percentile by Number Answered
Your Score History
You have not taken this quiz since the last reset